La constitución de la sociedad: bases para la teoría de la estructuración /
El libro "La constitución de la sociedad: bases para la teoría de la estructuración" de Anthony Giddens, perteneciente a la serie Biblioteca de Sociología, establece un marco teórico profundo sobre la interacción entre la estructura y la acción en la sociedad. Giddens explora cómo las estr...
Guardado en:
| Hovedforfatter: | |
|---|---|
| Format: | Ukendt |
| Sprog: | Spanish |
| Udgivet: |
Argentina:
Amorrortu
|
| Serier: | Biblioteca de Sociología
|
| Fag: | |
| Tags: |
Tilføj Tag
Ingen Tags, Vær først til at tagge denne postø!
|
MARC
| LEADER | 00000 a2200000 04500 | ||
|---|---|---|---|
| 001 | 46338 | ||
| 003 | cru CIDCAS/IIS | ||
| 005 | 20231011062613.0 | ||
| 008 | 050617s1995 ag spa d | ||
| 020 | |a 950-518-171-X | ||
| 040 | |c cru CIDCAS/IIS | ||
| 090 | |a 05.03.01 G453c | ||
| 100 | |a Giddens, Anthony | ||
| 245 | |a La constitución de la sociedad: |b bases para la teoría de la estructuración / |c Anthony Giddens | ||
| 260 | |a Argentina: |b Amorrortu | ||
| 300 | |a 412 páginas | ||
| 440 | |a Biblioteca de Sociología | ||
| 520 | |a El libro "La constitución de la sociedad: bases para la teoría de la estructuración" de Anthony Giddens, perteneciente a la serie Biblioteca de Sociología, establece un marco teórico profundo sobre la interacción entre la estructura y la acción en la sociedad. Giddens explora cómo las estructuras sociales influyen en las acciones individuales y, a su vez, cómo las acciones individuales contribuyen a la formación y reproducción de dichas estructuras. El autor propone el concepto de "dualidad de la estructura", donde las normas y recursos sociales son tanto habilitadores como restrictivos para la conducta humana. Su análisis ofrece una perspectiva integral para entender la compleja relación entre la sociedad y el individuo. RAR 08/2023 | ||
| 650 | 0 | |2 OCDE |9 2137 |a ESTRUCTURA SOCIAL | |
| 650 | 0 | |a INTERACCION SOCIAL |9 5299 | |
| 650 | 0 | |2 OCDE |9 2103 |a NORMAS SOCIALES | |
| 650 | 0 | |2 OCDE |9 5205 |a CONDUCTA | |
| 650 | 0 | |2 OCDE |9 7651 |a INDIVIDUOS | |
| 650 | 0 | |2 OCDE |9 2081 |a SOCIOLOGIA | |
| 650 | 0 | |2 UNESCO |9 2076 |a ANALISIS SOCIOLOGICO | |
| 650 | 0 | |2 UNESCO |9 2529 |a DINAMICA SOCIAL | |
| 650 | 0 | |2 UNESCO |9 4171 |a TEORIA SOCIOLOGICA | |
| 650 | 0 | |2 UNESCO |9 6439 |a COMPORTAMIENTO | |
| 942 | |2 z |c LI |h 05.03.01 G453c |i 15395 |6 050301_G453C_15395 | ||
| 999 | |c 16394 |d 16394 | ||



